[Event "HUN-chT2 Toth 1617"]
[Site "Hungary"]
[Date "2016.09.25"]
[Round "1.8"]
[White "Kepiro, Richard"]
[Black "Sandor, Peter"]
[Result "0-1"]
[WhiteElo "1783"]
[BlackElo "1969"]
[PlyCount "164"]
[EventDate "2016.09.25"]
[EventType "team-tourn"]
[EventRounds "11"]
[EventCountry "HUN"]
[SourceTitle "EXT 2021"]
[Source "ChessBase"]
[SourceDate "2020.10.23"]
[SourceVersion "1"]
[SourceVersionDate "2020.10.23"]
[SourceQuality "1"]
[WhiteTeam "Gyula"]
[BlackTeam "Bekes"]
[WhiteTeamCountry "HUN"]
[BlackTeamCountry "HUN"]

1. d4 d5 2. c4 e6 3. Nc3 c6 4. cxd5 exd5 5. Nf3 Nf6 6. Bg5 Bg4 7. e3 Nbd7 8. Be2 Bd6 9. 0-0 0-0 10. Nd2 Bf5 11. f3 Qc7 12. f4 Rae8 13. Rf3 Re6 14. Nf1 Rfe8 15. a3 a6 16. Qd2 Nf8 17. Bd3 Ne4 18. Bxe4 dxe4 19. Rf2 Ng6 20. Ng3 f6 21. Nxf5 fxg5 22. Nxd6 Rxd6 23. fxg5 c5 24. d5 b5 25. Rc1 Qd8 26. Qc2 c4 27. Rd1 Ne5 28. Nxe4 Rxd5 29. Rxd5 Qxd5 30. Rf5 Qd3 31. Rf2 Qxe3 32. Qe2 Qd4 33. Nc3 Rf8 34. Kf1 Rxf2+ 35. Qxf2 Qxf2+ 36. Kxf2 Nd3+ 37. Ke3 Nxb2 38. Nd5 a5 39. Kd4 Kf7 40. Kc5 Nd1 41. Nf4 c3 42. Kxb5 c2 43. Nd3 a4 44. Nc1 Ne3 45. Kxa4 Nxg2 46. Kb5 Ke7 47. a4 Kd7 48. Kb6 Ne3 49. Kc5 Nf1 50. h3 Nd2 51. Kb4 g6 52. Kc3 Ne4+ 53. Kxc2 Nxg5 54. h4 Nf3 55. h5 g5 56. Kd3 Ke6 57. Ke3 Ne5 58. Nd3 Nxd3 59. Kxd3 h6 60. a5 Kd5 61. Ke3 Kc5 62. Kf3 Kb5 63. Kg4 Kxa5 64. Kf5 Kb4 65. Ke4 Kc5 66. Ke5 Kc6 67. Ke4 Kd6 68. Kf5 Kd5 69. Kg4 Ke4 70. Kg3 Ke3 71. Kg4 Kf2 72. Kh3 Kf3 73. Kh2 Kg4 74. Kg2 Kxh5 75. Kh3 g4+ 76. Kh2 Kg5 77. Kg3 Kf5 78. Kg2 Kf4 79. Kf2 g3+ 80. Kg1 Kf3 81. Kf1 g2+ 82. Kg1 h5 0-1